000 00354nam a22001337a 4500
082 _a894.812.3
_bESH/G
100 _aESHA
245 _aGUNAPADAKATHAKAL RAJAVINTE VELLANA
246 _aGUNAPADAKATHAKAL RAJAVINTE VELLANA
_bGUNAPADAKATHAKAL RAJAVINTE VELLANA
260 _aSIVAKASI
_bESHA
_c2024
300 _a16
650 _aMALAYALAM STORIES
942 _cBK
999 _c9092
_d9092